Indiana Jones y el tesoro perdido de Saba / (Registro nro. 12824)

Detalles MARC
000 -LIDER
fixed length control field 00831nam a22002417a 4500
003 - IDENTIFICACDOR DE NÚMERO DE CONTROL
control field DO-SdBNP
005 - DATE AND TIME OF LATEST TRANSACTION
control field 20171129132601.0
008 - ELEMENTOS DE LONGITUD FIJA
fixed length control field 171109b 1991 sp a ||||| |||| 00| 0 spa d
020 ## - ISBN
International Standard Book Number 8431031409
040 ## - FUENTE DE CATALOGACIÓN
Agencia que crea de manera original el registro BPMSU
Idioma de catalogación spa
Agencia que realiza la transcripción BPMSU
092 ## - LOCALLY ASSIGNED DEWEY DECIMAL CALL NUMBER
Número de clasificación xxxx
Número de ítem (Cutter) xxxx
100 1# - ASIENTO PRINCIPAL -- NOMBRE PERSONAL
Nombre personal Estes, Rose
240 1# - TITULO UNIFORME
Título uniforme Indiana Jones and the lost treasure of Sheba.
Idioma de una obra Español
245 10 - MENCIÓN DE TITULO
Título Indiana Jones y el tesoro perdido de Saba /
Mención de responsabilidad por Rose Estes ; traducción de Consuela González de Ortega.
260 ## - PUBLICACIÓN, DISTRIBUCIÓN, ETC. (PIE DE IMPRENTA)
Lugar de publicación, distribución, etc Barcelona :
Nombre del editor, distribuidor, etc. Toray,
Fecha de publicación, distribución, etc 1991.
300 ## - DESCRIPCIÓN FÍSICA
Extensión 115 p. ;
Otros detalles físicos il. ;
Dimensiones 19 cm.
490 1# - MENCIÓN DE SERIES
Mención de serie Escoge tu propia aventura
Volume/sequential designation 2
700 12 - ASIENTO SECUNDARIO -- NOMBRE PERSONAL
Nombre personal González de Ortega, Consuelo,
Mención de responsabilidad tr.
830 ## - ASIENTO SECUNDARIO DE SERIE--TÍTULO UNIFORME
Título uniforme Escoge tu propia aventura
Volume number/sequential designation 2
942 ## - ADDED ENTRY ELEMENTS (KOHA)
Source of classification or shelving scheme Dewey Decimal Classification
Koha item type Libros
945 ## - INFORMACIÓN DE PROCESAMIENTO LOCAL
Información de procesamiento local inventariado extranjero / DG
956 ## - LOCAL ELECTRONIC LOCATION AND ACCESS (OCLC)
Nombre de host LOPEREZ
Número de acceso 10
Información de compresión 20171109
Instrucción BPMSU
Procesador de solicitud 00041
Existencias
Withdrawn status Lost status Source of classification or shelving scheme Damaged status Not for loan Collection code Home library Current library Date acquired Source of acquisition Total Checkouts Barcode Date last seen Price effective from Koha item type
    Dewey Decimal Classification     Colección General Biblioteca Pública Metropolitana Salomé Ureña Biblioteca Pública Metropolitana Salomé Ureña 11/09/2017 Donación   BPMSU17110116 11/09/2017 11/09/2017 Libros